000
00365nam a2200169Ia 4500
001
12210
005
20250626030300.0
008
211022s9999 xx 000 0 und d
082
_a
954 KHA
100
_a
Khan, Mubarak Ali
245
4
_a
The medieval India
260
_a
Lahore
260
_b
Tarikh Publications
260
_c
2014
300
_a
128
942
_c
BK
999
_c
9804
_d
9804